Pays de l'Afrique saharienne - Statistiques

Statistiques générales
  • Ce quiz a été pris 47 fois
  • Le résultat moyen est 9 sur 11
Statistiques - réponses
Indice Réponse % Correct
. Maroc
100%
. Algerie
98%
. Egypte
95%
. Mauritanie
95%
. Tunisie
95%
. Mali
93%
. Libye
89%
. Soudan
89%
. Tchad
84%
. Niger
80%
. Espagne
11%
Aucun quiz correspondant
Distribution des résultats
% des personnes avec chaque résultat
Percentile par nombre de réponses
Votre historique - résultats
Vous n’avez pas pris ce quiz